| 000 | 02043nam a22002057a 4500 | ||
|---|---|---|---|
| 008 | 161228b xxu||||| |||| 00| 0 spa d | ||
| 020 | _a978-987-1444-33-5 | ||
| 082 | 1 | 4 |
_214 _a306.36 |
| 100 | 1 |
_94406 _aGorbán, Débora |
|
| 245 | 1 | 4 |
_aLas tramas del cartón : _btrabajo y familia en los sectores populares del Gran Buenos Aires. / _cDébora Gorbán |
| 260 |
_aBuenos Aires : _bGorla, _c2014. |
||
| 300 | _a272 p. | ||
| 520 | 2 | _aEste libro describe el momento singular en la historia argentina que siguió a los tiempos del fin de la convertibilidad. Muchos investigadores han tratado de entender este período, concentrando sus esfuerzos en el análisis de las movilizaciones de los piqueteros en su demanda por trabajo en los años de desempleo masivo. Débora Gorbán dirige su atención a un elemento aparentemente más trivial y ciertamente menos visible: los cartoneros que diariamente recorrían las calles de los barrios nobles/acomodados de la ciudad de Buenos Aires buscando en los residuos de las familias ricas en busca de materiales recuperables para vender. Durante seis años, la autora acompañó los dramas y alegrías que impregnan/atraviesan la rutina del día a día de algunos residentes de El Salvador, barrio popular ubicado en la zona norte del Conurbano Bonaerense. En este libro, demostrando una extraordinaria sensibilidad etnográfica, plasmando en su texto momentos fugaces de la vida social, la autora restituye algo de la vida familiar y barrial de esas personas. En el proceso, ella nos lleva a pensar sobre temas de relevancia social y política más amplios: los procesos de significación del trabajo (en donde incluye no sólo las políticas públicas sino también las moralidades familiares y las dinámicas barriales), así como las transformaciones en las formas de inscripción de las clases populares en el tejido social. | |
| 650 | 0 |
_91632 _aETNOGRAFIA |
|
| 650 | 1 | 0 |
_9606 _aTRABAJO |
| 651 | 0 |
_aBUENOS AIRES (Argentina) _9746 |
|
| 653 | _aCARTONEROS | ||
| 942 |
_2ddc _cLIBRO |
||
| 980 |
_gVALERIA BEATRIZ DOMÍNGUEZ _81943 |
||
| 999 |
_c3466 _d3466 |
||